Find the Male Television Hall of Fame Inductees Quiz Stats

 Plays Quiz not verified by Sporcle

Score 0/16 Timer 03:00
5 Plays Today
% Correct
Jay Leno (2014)
98%
William Shatner (2006)
97.4%
Walt Disney (1986)
95.2%
Fred Astaire (1989)
94.4%
Alan Alda (1994)
94.3%
Johnny Carson (1987)
93.7%
Dick Van Dyke (1995)
93.3%
Regis Philbin (2006)
93.1%
% Correct
Bob Barker (2004)
91.4%
Andy Griffith (1992)
91.2%
Bob Newhart (1993)
89.7%
Ed Sullivan (1985)
88.5%
Dick Clark (1993)
87.1%
Philo T. Farnsworth (2013)
86.3%
Walter Cronkite (1985)
85.8%
Bob Schieffer (2013)
84.3%

You're not logged in!

Compare scores with friends on all Sporcle quizzes.
OR
Log In

Show Comments

Extras

Top Quizzes Today


Score Distribution

Your Account Isn't Verified!

In order to create a playlist on Sporcle, you need to verify the email address you used during registration. Go to your Sporcle Settings to finish the process.

Report this User

Report this user for behavior that violates our Community Guidelines.

Details: